书目信息 |
| 题名: |
天堂之约
|
|
| 作者: | 魏秋星 著 | |
| 分册: | ||
| 出版信息: | 石家庄 花山文艺出版社 2002.10 |
|
| 页数: | 482页 | |
| 开本: | 21cm | |
| 丛书名: | 方圆丛书 | |
| 单 册: | ||
| 中图分类: | I247.5 | |
| 科图分类: | ||
| 主题词: | 长篇小说--中国--当代 | |
| 电子资源: | ||
| ISBN: | 7-80673-204-7 | |
| 000 | 00798nam2 2200241 45 | |
| 005 | 20080408151955.29 | |
| 010 | @a7-80673-204-7@dCNY 24.00 | |
| 100 | @a20021010d2002 ekmy0chiy0121 ea | |
| 101 | 0 | @achi |
| 102 | @aCN@b130000 | |
| 105 | @aa z 000ay | |
| 200 | 1 | @a天堂之约@Atian tang zhi yue@f魏秋星著 |
| 210 | @a石家庄@c花山文艺出版社@d2002.10 | |
| 215 | @a482页@c图@d21cm | |
| 225 | 2 | @a方圆丛书@i女性犯罪系列 |
| 330 | @a内容简介:燕阳日报女记者姚岚,在帮助到本市投资的青年企业家路振强,寻找失散多年的妹妹时,发现已成为黑道人物的弟弟姚路,竟多次强奸过路振强的妹妹林秀秀...... | |
| 410 | 0 | @12001 @a方圆丛书 |
| 410 | 0 | @12001 @a女性犯罪系列 |
| 606 | 0 | @a长篇小说@y中国@z当代 |
| 690 | @aI247.5@v3 | |
| 701 | 0 | @a魏秋星@Awei qiu xing@4著 |
| 801 | 0 | @aCN@c20080408 |
| 905 | @dI247.5@eW590 | |
| 天堂之约/魏秋星著.-石家庄:花山文艺出版社,2002.10 |
| 482页:图;21cm.-(方圆丛书.女性犯罪系列) |
| ISBN 7-80673-204-7:CNY 24.00 |
| 内容简介:燕阳日报女记者姚岚,在帮助到本市投资的青年企业家路振强,寻找失散多年的妹妹时,发现已成为黑道人物的弟弟姚路,竟多次强奸过路振强的妹妹林秀秀...... |
| ● |
| 相关链接 |
|
|
|
正题名:天堂之约
索取号:I247.5/W590
 
预约/预借
| 序号 | 登录号 | 条形码 | 馆藏地/架位号 | 状态 | 备注 |
| 1 | 211536 | 202115362 | 社科二线422/422社科库 8排1列4层/ [索取号:I247.5/W590] | 在馆 | |
| 2 | 431402 | 204314027 | 文学库108/ [索取号:I247.5/W590] | 在馆 | |
| 3 | 431403 | 204314036 | 社科二线422/422社科库 7排1列2层/ [索取号:I247.5/W590] | 在馆 | |
| 4 | 431404 | 204314045 | 文学库108/ [索取号:I247.5/W590] | 在馆 | |
| 5 | 451985 | 204519850 | 社科二线422/422社科库 7排1列2层/ [索取号:I247.5/W590] | 在馆 |